000 00566nam a2200217Ia 4500
003 GCL
008 140319s9999 xx 000 0 eng d
040 _aGCL /
_cGCL
082 0 4 _a693.5
_bH R
100 1 _aHELY, M.A.
245 1 0 _aREINFORCED CONCRETE DESIGN DATA BOOK /
_cHELY, M.A.
700 1 _aZIDAN, S.A.
260 _a[S.N] :
_bDAR AL- RATAB SL GAMEIA ،
_c1986
300 _a195 P
650 0 4 _aCIVIL ENGINEERING
650 0 4 _aCONCRETE CONSTRUCTION
650 0 4 _aCONSTRUCTION
650 0 4 _aCONCRETE
650 0 4 _aCONCRETE DESIGN
942 _2ddc
_cBK
999 _c15588
_d15588